| 000 | 00747nac a22002051u 4500 | ||
|---|---|---|---|
| 020 | _a1876907428 | ||
| 082 | 0 | 4 |
_a728 _bHOU |
| 090 |
_c1976 _d1976 |
||
| 100 | _a20080729 | ||
| 245 | 0 | 0 | _a100 of the world's best houses |
| 246 | 1 | 3 | _aOne hundred of the world's best bars |
| 260 |
_aMulgrave, Vic. : _bImages Publishing Group,2006 _c2006. |
||
| 300 |
_a344 p. : _bcol. ill., plans ; _c29 cm. |
||
| 500 | _aIncludes index. | ||
| 511 | _acatalogued by: wessam | ||
| 650 | 0 | _aArchitecture, Domestic | |
| 650 | 0 |
_aArchitecture, Modern _y 20th century. |
|
| 942 |
_cBB _k728HOU |
||
| 999 |
_c1976 _d1976 |
||